000 00495nam a2200181Ia 4500
005 20250508161507.0
008 008 250505s9999 xx 000 0 eng d
037 _aTextual
040 _aFEDL
_beng
_cFEDL
041 _aeng
_2eng
084 _a266, GAN
_qFEDL
100 _aGandhi M.K.
_9218581
245 0 _aChristian missions
260 _aAhmedabad, India
_bNavjivan Prakashan Mandir
_c1941
300 _aviii,241p.
942 _cTEXL
_h266, GAN
999 _c1370298
_d1370298